Paramount Chinese-English-Urdu Dictionary (Record no. 565877)
[ view plain ]
| 000 -LEADER | |
|---|---|
| fixed length control field | 00293nam a2200109Ia 4500 |
| 008 - FIXED-LENGTH DATA ELEMENTS--GENERAL INFORMATION | |
| fixed length control field | 210430s9999 xx 000 0 und d |
| 082 ## - DEWEY DECIMAL CLASSIFICATION NUMBER | |
| Classification number | 423 J415P |
| 100 ## - MAIN ENTRY--PERSONAL NAME | |
| Personal name | Javed, Syed Hasan |
| 245 ## - TITLE STATEMENT | |
| Title | Paramount Chinese-English-Urdu Dictionary |
| Statement of responsibility, etc. | Javed, Syed Hasan |
| 300 ## - PHYSICAL DESCRIPTION | |
| Extent | 504p. |
| 942 ## - ADDED ENTRY ELEMENTS (KOHA) | |
| Koha item type | Book |
| Source of classification or shelving scheme | |
| Withdrawn status | Lost status | Damaged status | Not for loan | Permanent Location | Current Location | Date acquired | Total Checkouts | Full call number | Barcode | Date last seen | Date last checked out | Price effective from | Koha item type |
|---|---|---|---|---|---|---|---|---|---|---|---|---|---|
| School of Chemical & Materials Engineering (SCME) | School of Chemical & Materials Engineering (SCME) | 1 | 423 J415P | SCME- D118 | 05/26/2023 | 05/23/2023 | 04/30/2021 | Book |
